Asia 6 to 1 Quiz Stats

 Plays Quiz Updated Aug 1, 2016

Also try: Africa 6 to 1
Challenge
Share
Tweet
Embed
Score 0/21 Timer 03:00
10 Plays Today
% Correct
India
94.1%
Vietnam
93.5%
Indonesia
91.8%
Cambodia
88.1%
China
87.9%
Iran
87.7%
Iraq
87.5%
Thailand
86.1%
Kazakhstan
85.8%
Turkmenistan
85.4%
Turkey
81.4%
% Correct
Bhutan
80.8%
Tajikistan
80.2%
Kyrgyzstan
78.3%
Taiwan
77.9%
Bangladesh
77.2%
Israel
75.9%
Brunei
71.2%
Kuwait
71.2%
Bahrain
71.2%
Timor-Leste
57%

You're not logged in!

Compare scores with friends on all Sporcle quizzes.
Join for Free
OR
Log In

You Might Also Like...

Show Comments

Extras

Top Quizzes Today


Score Distribution

Your Account Isn't Verified!

In order to create a playlist on Sporcle, you need to verify the email address you used during registration. Go to your Sporcle Settings to finish the process.

Report this User

Report this user for behavior that violates our Community Guidelines.

Details: